Statistics for European Surnames - Map Quiz

Click here to take the quiz!

General Stats

  • This quiz has been taken 33 times
  • The average score is 14 of 44

Answers on the Map

Answers color-coded by a green-red scale on the quiz's map according to % correct below.
 

Answer Stats

Answer% Correct
Murphy
76%
Smith
76%
Jónsdóttir
72%
Papadopoulos
69%
García / Martinez
59%
Andersson
55%
De Jong
55%
García / Fernández
55%
Martin
55%
Müller / Schmidt
52%
Jensen
45%
Peeters / Dubois
45%
Silva
45%
Kazlauskas
41%
Korhonen
41%
Nowak
38%
Hansen
34%
Hoxha
34%
Müller / Meier
34%
Bērziņš
28%
Ivanov
28%
Nováková
28%
Popović
28%
Rossi / Russo
28%
Tamm
28%
Jovanović
24%
Krasniqi
24%
Smirnov
24%
Gasperoni
21%
Gruber
21%
Melnyk
21%
Horvat
14%
Ivanoŭ
14%
Nagy
14%
Novak
14%
Rossi / Lorenzi
14%
Rusu
14%
Büchel
10%
Hodžić
10%
Schmit
10%
Stojanovski
10%
Borg
7%
Popa
7%
Horváth
3%

Score Distribution

Percentile by Number Answered

Percent of People with Each Score

Your Score History

You have not taken this quiz